000 00360nam a2200145 i 4500
001 bg
100 1 _aAGARONJANC, R. A.
245 0 _aElektromagnitnye elementy techniceskoj kibernetiki /
_cR.A. Agaronjanc.
260 _aMoskwa,
_c1972.
040 _cBPK
041 _apol
080 _a621.318.3
942 _cKS
008 s pl f |000 0 pol
999 _c14919
_d14919
856 _uhttp://koha.tu.koszalin.pl/cgi-bin/koha/opac-detail.pl?biblionumber=14919
_yKatalog online BPK